00668nam a2200169 4500003000400000008004100004020001800045082001500063100001700078245010900095260003600204300001600240650001200256942001200268999001700280952020100297OSt240702b |||||||| |||| 00| 0 eng d a9781404115040 a158.1bTRF aTRACY, Brian aFocal Point: A proven system to simplify your life, double your productivity, and achieve all your goals aNew YorkbHarper Colllinsc2002 axii, 222 p. aGeneral 2ddccBK c12743d12743 00102ddc40708GENERALaPIETbPIETd2024-06-29eZafaa Books and DistributorsfIn rupeesg399.00kZBD0087l1o158.1 TRFp37739q2025-01-28r2024-07-12 00:00:00s2024-07-12v299.25w2024-06-29yBK